000 00316nam a2200133Ia 4500
008 200103s9999||||xx |||||||||||||| ||und||
040 _aIMU-MPC
082 _aColumn-49
100 _aHiggins, J. C.
245 0 _aProblems in Electronics
260 _bEdward Arnold & Co., London
_c1964
300 _a288
942 _cBK
999 _c9672
_d9672